=LDR 00000nam 2200000 4500 =001 INLIS000000000050907 =005 20170804022558 =035 ##$$a 0010-0817000090 =007 ta =008 170804###########################0###### =082 ##$$a 028.5 =084 ##$$a 028.5 SHI s =100 #$$a Shinta =245 1#$$a Saat Aku Senang /$c Shinta =260 ##$$a Jakarta :$b Naura,$c 2017 =300 ##$$a 20 hlm : $b ilus. ; $c 18 cm =650 ##$$a Bacaan Kanak-Kanak =990 ##$$a 89868986 =990 ##$$a 31701746